Prueba de Mendoza - Estadísticas

Estadísticas generales
  • Esta prueba ha sido intentada 31 veces
  • La puntuación promedio es 10 de 16
Estadísticas de respuestas
Pregunta Respuesta % Correcto
Lema provincial: Tierra del ___ y del Buen ____ Vino
96%
Gentilicio Mendocino
92%
Punto más alto de la provincia y América Aconcagua
88%
Lema provincial: Tierra del ___ y del Buen ____ Sol
83%
Aglomeración urbana formada sobre la capital Gran Mendoza
79%
Fiesta de cosecha nacional Fiesta Nacional de {Vendimia}
75%
Más de 80 % de la producción argentina de esta variedad de uvas, introducido en 1853, ocurre en Mendoza Malbec
71%
Creador de Mafalda Quino
71%
Destino turístico encontrado en Cacheuta Termas
71%
Monumento histórico en la frontera con Chile que significa la paz Cristo Redentor de los Andes
67%
Actividad deportiva y recreativa de navegar de ríos común en los Andes Ráfting
58%
Supermercado de 3 letras que originó en Mendoza Vea
58%
Año de la declaración de autonomía 1820
21%
Esta reserva natural de flora y fauna se ubica en el departamento de Malargüe Laguna de {Llancanelo}
21%
Pintor y escultor del op-art Julio Le Parc
13%
Patrón provincial Santiago Apóstol
4%
No se encontraron pruebas coincidentes
Distribución de puntuación
Porcentaje de gente con cada puntuación
Porcentaje por número respondido
Historial de tus puntuaciones
No has intentado esta prueba.